LEADER 01575cam a2200373 a 4500 001 991002723399707536 005 20120621163820.0 008 110901s2012 de a b 001 0 eng 020 $a9783110253023 035 $ab14222140-39ule_inst 040 $aBibl. Dip.le Aggr. Matematica e Fisica - Sez. Matematica$beng 082 00$a515.353$223 084 $aLC QC174.17.G68bM45 084 $aAMS 35J25 084 $aAMS 35J40 084 $aAMS 35K20 084 $aAMS 35R20 084 $aAMS 58J35 084 $aAMS 65N28 100 1 $aMelnikov, Yuri A.$0480597 245 10$aGreen's functions :$bconstruction and applications /$cby Yuri A. Melnikov, Max Y. Melnikov 260 $aBerlin ;$aBoston :$bDe Gruyter,$cc2012 300 $axii, 435 p. :$bill. ;$c25 cm 440 0$aDe Gruyter studies in mathematics ;$v42 504 $aIncludes bibliographical references (p.[421]-425) and index 505 0 $aGreen's functions for ODE -- Laplace equation -- Static Klein-Gordon equation -- Higher order equations -- Multi point-posed problems -- PDE matrices of Green's type -- Diffusion equation -- Black-Scholes equation 650 0$aGreen's functions 700 1 $aMelnikov, Max Y.$eauthor$4http://id.loc.gov/vocabulary/relators/aut$0515975 907 $a.b14222140$b08-04-15$c08-04-15 912 $a991002723399707536 945 $aLE013 35J MEL11 (2012)$g1$i2013000225159$lle013$og$pE110.00$q-$rl$s- $t0$u1$v0$w1$x0$y.i15665586$z08-04-15 996 $aGreen's functions$9853840 997 $aUNISALENTO 998 $ale013$b08-04-15$cm$da $e $feng$gde $h0$i0 LEADER 01532nam 2200433Ka 450 001 9910695087603321 005 20060413145120.0 035 $a(CKB)5470000002365840 035 $a(OCoLC)66464962 035 $a(EXLCZ)995470000002365840 100 $a20060413d2000 ua 0 101 0 $aeng 181 $ctxt$2rdacontent 182 $cc$2rdamedia 183 $acr$2rdacarrier 200 10$aBOREAS HYD-1 under-canopy precipitation data$b[electronic resource] /$fRichard H. Cuenca, Shaun F. Kelly, David E. Stangel 210 1$aGreenbelt, Md. :$cNational Aeronautics and Space Administration, Goddard Space Flight Center,$d[2000] 215 $a1 volume $cdigital, PDF file 225 1 $aTechnical report series on the Boreal Ecosystem-Atmosphere Study (BOREAS) ;$v18 225 1 $aNASA/TM ;$v2000-209891, v. 18 300 $aTitle from title screen (viewed on April 13, 2006). 300 $a"July 2000." 320 $aIncludes bibliographical references. 606 $aData acquisition$2nasat 606 $aMeasure and integration$2nasat 606 $aRain$2nasat 615 7$aData acquisition. 615 7$aMeasure and integration. 615 7$aRain. 700 $aCuenca$b Richard H.$f1947-$01383614 701 $aKelly$b Shaun F$01383615 701 $aStangel$b David E$01383616 712 02$aGoddard Space Flight Center. 801 0$bGPO 801 1$bGPO 906 $aBOOK 912 $a9910695087603321 996 $aBOREAS HYD-1 under-canopy precipitation data$93433291 997 $aUNINA